Neonatal necrotizing enterocolitis / (Record no. 4843)
[ view plain ]
| 000 -LEADER | |
|---|---|
| fixed length control field | 00827pam a2200253 i 4500 |
| 003 - CONTROL NUMBER IDENTIFIER | |
| control field | OSt |
| 005 - DATE AND TIME OF LATEST TRANSACTION | |
| control field | 20220329134512.0 |
| 008 - FIXED-LENGTH DATA ELEMENTS--GENERAL INFORMATION | |
| fixed length control field | 800122s1980 nyua b 001 0 eng |
| 020 ## - INTERNATIONAL STANDARD BOOK NUMBER | |
| International Standard Book Number | 0808912445 |
| 040 ## - CATALOGING SOURCE | |
| Transcribing agency | DLC |
| 050 00 - LIBRARY OF CONGRESS CALL NUMBER | |
| Classification number | RJ268.3 |
| Item number | .N46 1980 |
| 060 ## - NATIONAL LIBRARY OF MEDICINE CALL NUMBER | |
| Classification number | WI420 N438 |
| 245 00 - TITLE STATEMENT | |
| Title | Neonatal necrotizing enterocolitis / |
| Statement of responsibility, etc. | Edwin G. Brown, Avron Y. Sweet, editors. |
| 260 ## - PUBLICATION, DISTRIBUTION, ETC. | |
| Place of publication, distribution, etc. | New York : |
| Name of publisher, distributor, etc. | Grune & Stratton, |
| Date of publication, distribution, etc. | c1980. |
| 300 ## - PHYSICAL DESCRIPTION | |
| Extent | xvi, 203 p. : |
| Other physical details | ill. ; |
| Dimensions | 24 cm. |
| 504 ## - BIBLIOGRAPHY, ETC. NOTE | |
| Bibliography, etc. note | Includes bibliographical references and index. |
| 650 #0 - SUBJECT ADDED ENTRY--TOPICAL TERM | |
| Topical term or geographic name entry element | Enterocolitis, Neonatal necrotizing. |
| 650 #2 - SUBJECT ADDED ENTRY--TOPICAL TERM | |
| Topical term or geographic name entry element | Enterocolitis, Acute |
| General subdivision | In infancy and childhood. |
| 650 #2 - SUBJECT ADDED ENTRY--TOPICAL TERM | |
| Topical term or geographic name entry element | Infant, Newborn, Diseases. |
| 700 1# - ADDED ENTRY--PERSONAL NAME | |
| Personal name | Brown, Edwin G. |
| 700 1# - ADDED ENTRY--PERSONAL NAME | |
| Personal name | Sweet, Avron Y. |
| 906 ## - LOCAL DATA ELEMENT F, LDF (RLIN) | |
| a | 7 |
| b | cbc |
| c | orignew |
| d | 1 |
| e | ocip |
| f | 19 |
| g | y-gencatlg |
| 942 ## - ADDED ENTRY ELEMENTS (KOHA) | |
| Source of classification or shelving scheme | |
| Koha item type | Book |
| Suppress in OPAC | MM |
| Withdrawn status | Lost status | Source of classification or shelving scheme | Damaged status | Not for loan | Permanent Location | Current Location | Shelving location | Date acquired | Source of acquisition | Total Checkouts | Full call number | Barcode | Date last seen | Price effective from | Koha item type | Public note |
|---|---|---|---|---|---|---|---|---|---|---|---|---|---|---|---|---|
| AU LIBRARY | AU LIBRARY | Open Shelf | 29.03.2022 | DONATION FROM MOI UNIVERSITY | RJ268.3 .N46 1980 | 28011701 | 29.03.2022 | 29.03.2022 | Book | MM |